000 00997nam a2200205 a 4500
001 BRCA_1005
005 20190320203235.0
008 010918s2000 mx-a---###---#000-0#spa-d
050 4 _aNC1807.M4
_b.B54 6
_c2000
245 1 0 _a6 [i.e. Sexta] Bienal Internacional del Cartel en México 2000 = Sixth International Biennial of the Poster in Mexico = Sesta Biennale Internazionale del Cartello in Messico.
260 _aMéxico
_bTrama Visual AC : UAM : Instituto Italiano de la Cultura
_c2000
300 _a202 p.
_bil. (algunas a color)
_c30 cm.
500 _aCatálogo de la exposición realizada en el Museo Franz Mayer (Ciudad de México), 30 octubre - febrero, 2000
546 _aTexo en inglés, español e italiano
650 1 4 _aCarteles
_vConcursos
_xDiseño
_zMéxico
_93312
650 1 4 _aDiseñadores gráficos
_vExposiciones
_zMéxico
_93313
740 0 _aSixth International Biennial of the Poster in Mexico
740 0 _aSesta Biennale Internazionale del Cartello in Messico
942 _2lcc
_cB
999 _c886
_d886